BIBLIOTHÈQUE DE LA MAISON DU MEXIQUE

Logo 1 Logo 2

La novela y las ciencias sociales (notice nᵒ 9019)

détails MARC
000 -Sello discográfico
campo de control de longitud fija 01210nam a2200349 4500
005 - Identificación de versión
campo de control 20251016085128.0
010 ## - Número Estándar Internacional de Libros (ISBN)
Número (ISBN) 968-16-0296-X
035 ## - Otros números de control del sistema
Número de control del sistema 14763
099 ## - fechas locales
Tipo de ítem Koha LIBRO
100 ## - Datos de procesamiento general
Datos de procesamiento general 20000517d1979 m y1spay5003 ba
101 1# - Idioma del recurso
Idioma del texto, banda sonora, etc. Español; Castellano
Idioma de la obra original Inglés
105 ## - Campo de datos codificados: Material textual, monográfico
Datos codificados de monografía y 001zy
200 1# - Título y mención de responsabilidad
Título propio La novela y las ciencias sociales
Designación general del material texto impreso
Otra información del título mundos reales e imaginarios
Primer mención de responsabilidad Morroe Berger
Declaración de responsabilidad subsiguiente traducción Francisco González Aramburo
205 ## - Declaración de edición
Declaración de edición 1a ed
210 ## - Publicación, distribución, etc.
Lugar de publicación, distribución, etc. México
Nombre del editor, distribuidor, etc. Fondo de Cultura Económica
Fecha de publicación, distribución, etc. 1979
215 ## - Descripción física
Designación de material específico y extensión del ítem 485 p
Dimensiones 17 cm
300 ## - Notas generales
Texto de la nota Incluye bibliografía: p.447-472 e índice analítico
345 ## - Nota de información de adquisición
Fuente de adquisición/dirección de la suscripción [OBSOLETO] Donación
410 #1 - Series
Título Breviarios del Fondo de Cultura Económica
Número de volumen 280
454 #1 - Traducción de
Título Real and Imagines Worlds. The Novel and Social Science
606 ## - Término temático usado como materia
Elemento de entrada Literatura y sociedad
Número Koha 9716
606 ## - Término temático usado como materia
Elemento de entrada Novela
Subdivisión temática Historia y crítica
Número Koha 8194
700 ## - Nombre personal - Responsabilidad primaria
Elemento de entrada Berger
Parte del nombre distinta del elemento de entrada Morroe
Fechas 1917-1981
Número Koha 15358
702 ## - Nombre personal - Responsabilidad secundaria
Elemento de entrada González Aramburo
Parte del nombre distinta del elemento de entrada Francisco
Fechas 1926-2020
Número Koha 4209
801 #0 - Fuente de origen
Agencia cm
900 ## -
-- 1/349
900 ## -
-- 7100012129\170500
942 ## - ELEMENTOS DE ENTRADA SECUNDARIOS (KOHA)
Tipo de ítem Koha Livre
996 ## -
-- MEX
-- 751145101
-- MMAG
-- 004756
-- 082.1 B846 V.280
-- 20210504LIV
Exemplaires
Estatus retirado Estado de daño Estado de pérdida Fecha de adquisición Biblioteca de origen Biblioteca actual Ubicación en estantería Código de barras Precio de reemplazo Signatura topográfica completa No para préstamo Tipo de ítem Koha Nota pública Nota no pública
      05/08/2025 Casa México Paris Casa México Paris   004756 05/08/2025 082.1 B846 V.280   Livre 20210504LIV 751145101